[Event "Ischia"]
[Site "Ischia"]
[Date "1996.??.??"]
[Round "4"]
[White "Smirin, Ilia"]
[Black "Khenkin, Igor"]
[Result "1/2-1/2"]
[WhiteElo "2615"]
[BlackElo "2575"]
[Annotator "Greenfeld,A"]
[PlyCount "110"]
[EventDate "1996.06.??"]
[EventType "tourn"]
[EventRounds "9"]
[EventCountry "ITA"]
[EventCategory "14"]
[SourceTitle "CBM 054"]
[Source "ChessBase"]
[SourceDate "1996.10.01"]
[SourceVersion "1"]
[SourceVersionDate "1996.10.01"]
[SourceQuality "1"]

1. e4 c6 2. d4 d5 3. e5 c5 4. dxc5 Nc6 5. Bb5 e6 6. Qg4 Qa5+ (6... Qc7 7. Nf3
Bd7 8. Bxc6 Qxc6 9. Be3 Nh6 10. Bxh6 gxh6 11. Nbd2 Qxc5 12. c4 O-O-O 13. O-O
Kb8 14. Rfd1 Qb6 15. Qh4 a5 16. Rac1 Rg8 17. Nb3 a4 18. c5 Qc7 19. Nbd4 $16 {
Tal,M-Botvinik,M (8)/Moscow Wch/1961}) (6... Nge7 7. Nf3 Qa5+ 8. Nc3 Bd7 9. Bd2
Qc7 10. O-O-O Ng6 11. Qg3 Rc8 12. h4 $1 $16 {Fedorov,A-Kutirov,R/Moscow olm/
1994}) (6... Bd7 $5 7. Bxc6 Bxc6 8. Nf3 h5 9. Qf4 Bxc5 10. O-O Nh6 11. Nbd2 Nf5
12. Nb3 Bb6 13. Nbd4 Bxd4 14. Nxd4 Nxd4 15. Qxd4 Qb6 16. Qh4 d4 17. Rd1 Qc5 18.
Qxd4 Qxc2 19. Bg5 O-O 20. Rd3 Rac8 21. h3 Bb5 22. Rd2 {Yudasin,L-Spraggett,K/
Calgary/1996/}) 7. Nc3 h5 8. Bxc6+ $1 {N/} (8. Qa4 $6 Qxa4 9. Nxa4 Bd7) (8. Qf4
Bxc5 9. Nf3 Nge7 10. O-O Ng6 11. Qg5 Bd7 12. Bd3 Be7 13. Qe3 d4 $1 14. Nxd4
Ncxe5 $15 {Tseitlin,MD-Khenkin,I/ISR/1996/}) 8... bxc6 9. Qa4 Qc7 (9... Qxc5
10. Be3 Qc4 11. Qxc4 dxc4 12. Ne4 $16) 10. Be3 Rb8 11. O-O-O Nh6 12. f4 (12.
Bxh6 $2 Rxh6 13. Qd4 Qa5) 12... Nf5 13. Bf2 a5 14. Nge2 (14. a3 $6 Ba6 {/\ Bb5}
) 14... Rb4 (14... Ba6 15. Nd4 $16) 15. Qa3 Qa7 16. Na4 (16. Nd4 $4 Rxd4 $19)
16... Ba6 17. Nd4 Bb5 18. Nb6 (18. Nc3 $2 Rxd4 $1 (18... Bxc5 $2 19. Ncxb5) (
18... Nxd4 19. Rxd4) 19. Rxd4 (19. Bxd4 $2 Nxd4 20. Rxd4 Bxc5 21. Nxb5 cxb5 22.
Qc3 b4 $19) 19... Bxc5 20. Nxb5 cxb5 21. Qc3 O-O (21... b4 $4 22. Rxb4 $18) 22.
Rhd1 $15) 18... Bxc5 19. Nc8 $6 (19. Nxb5 Qxb6 20. Bxc5 Qxc5 21. Nc7+ Kd7 (
21... Ke7 22. Na6 Qe3+ 23. Qxe3 Nxe3 24. Nxb4 Nxd1 25. Nxc6+) 22. Na6 Qb6 (
22... Qe3+ 23. Qxe3 Nxe3 24. Rd3 $18) 23. Nxb4 axb4 24. Qa4 Qb7 $16) 19... Qc7
(19... Rxd4 $2 20. Bxd4 $18) 20. Nxf5 Bxf2 21. Ncd6+ (21. Qf3 $5 Bc5 22. a3 Ra4
23. Nfd6+ $1 {/\ f5->}) 21... Kd7 $1 22. Nxb5 (22. Qf3 Qb6 23. c3 $2 Rxb2) (22.
c3 $2 Rxf4 23. Nxb5 cxb5 24. Qe7+ Kc6) 22... cxb5 23. Qf3 $1 Qb6 24. Kb1 $4 (
24. Rhf1 Bc5 (24... Bd4 25. Nxd4 (25. c3 Rc8 26. Nxd4 Rxd4 27. Qxh5 Rxf4 28.
Rxd5+ exd5 29. Qh3+ Qe6 $132) 25... Rxd4 26. f5 $40) 25. Nxg7 Rxf4 26. Qe2 Rf2
27. Rxf2 Bxf2 28. Kb1 $1 $16) 24... exf5 25. Qxd5+ Kc7 (25... Kc8 26. Qa8+ $10)
26. Qxf7+ Kb8 27. e6 (27. Qxf5 Rc8 $17) 27... Bd4 $1 (27... Re4 $6 28. Qxf5 (
28. e7 Rc8 29. Qf8 Qe6) 28... Rxe6 29. Rd5 Rhe8 30. Rc1) 28. b3 Qc6 $6 (28...
Qc5 $2 29. e7 Rc8 30. c4 Qxc4 31. Qxc4) (28... Bf6 $1 29. e7 Qc6 30. Rhe1 (30.
Qf8+ Qc8 31. Rd8 Rxf8) 30... Re4 $19) 29. Qxf5 Qc3 30. Rxd4 $8 (30. Kc1 Re8 $40
) 30... Rxd4 $1 (30... Qxd4 $2 31. e7 (31. a3 Qe4 (31... Qxf4 32. Qc5 Qd4 $10)
32. Qc5 Rxb3+ 33. Ka2 Rc8 34. Qb6+ $10) 31... Re8 (31... Qf6 32. Qd7 (32. Qxh5
$2 g6) 32... Re4 33. Qxb5+) 32. a3 Qe4 33. Qf7 Rxb3+ (33... Rxe7 34. Qf8+) 34.
Qxb3 Rxe7 $13) 31. e7 (31. Qxb5+ $2 Ka7 $1 (31... Kc7 32. Qe5+) 32. e7 Rc8 33.
Rc1 Rd1) (31. Qe5+ Ka8 $1) 31... Rd2 $8 (31... Qc6 $4 32. Qe5+) (31... Rc8 $2
32. e8=Q $18) (31... Ka7 $2 32. e8=Q $18) 32. Qxb5+ $2 (32. Re1 Re8 $1 $19) (
32. Rc1 $8 Qc6 33. Qf8+ Qe8 34. Qxg7 Re2 35. Qd4 $17) 32... Kc7 $1 33. Rc1 Qe3
$2 (33... Rd7 $1 34. Qa6 Qc5 $19) 34. Qxa5+ Kd7 35. Qg5 $1 Re8 (35... Qxe7 36.
Qb5+ Kc8 37. Qa5 $1) (35... Qd4 $5 $17) 36. Qxh5 Rxe7 37. g3 Qe2 38. Qa5 Rd1 (
38... Ke6 $5 {/\ Red7, Qe4}) 39. Rxd1+ Qxd1+ 40. Kb2 Qd6 $6 (40... Qd4+ $1 $17
{[+]/^ a1-h8}) 41. Qb5+ Ke6 $6 (41... Kc8 $142 $1) 42. Qc4+ Qd5 43. Qc8+ Kf7 {
>< Kf7,o^ a,b,c} 44. Qc3 {/^ a1-h8} Re4 $6 (44... Re6 {/\ Rc6}) 45. a4 $132 Qd4
$6 46. Qxd4 Rxd4 47. Kc3 {>< Kf7} Rd1 (47... Rd5 $5 {/\ Ke6-d6-c6}) 48. Kb4 Ke6
49. Kc5 $10 Rd5+ 50. Kb6 Rd2 51. a5 Kd7 52. b4 Rxc2 53. a6 Rc6+ 54. Kb5 Rc7 55.
Kb6 Rc6+ 1/2-1/2

[Event "Bad Homburg"]
[Site "Bad Homburg"]
[Date "1997.07.31"]
[Round "6"]
[White "Lutz, Christopher"]
[Black "Dautov, Rustem"]
[Result "0-1"]
[WhiteElo "2590"]
[BlackElo "2595"]
[Annotator "Blatny,P"]
[PlyCount "20"]
[EventDate "1997.07.26"]
[EventType "tourn"]
[EventRounds "9"]
[EventCountry "GER"]
[EventCategory "14"]
[SourceTitle "CBM 060"]
[Source "ChessBase"]
[SourceDate "1997.09.29"]
[SourceVersion "1"]
[SourceVersionDate "1997.09.29"]
[SourceQuality "1"]

1. e4 c6 2. d4 d5 3. e5 c5 4. dxc5 e6 5. Be3 Nh6 $146 (5... Qc7 6. Qd4 Bd7 7.
Nc3 Ne7 8. Bd3 Ng6 9. Nf3 Nc6 10. Nb5 Qb8 11. Qc3 Ncxe5 12. Bxg6 Nxf3+ 13. gxf3
hxg6 14. Qa5 Bxb5 15. Qxb5+ {Treybal,K-Carls,C/DSB-18.Kongress Breslau 1912/
HCL 38/0-1 (38)}) (5... Nd7 6. Bb5 Qc7 7. Nf3 Bxc5 8. Bxc5 Qxc5 9. Nc3 Ne7 10.
O-O a6 (10... O-O 11. Re1 Ng6 12. Bd3 a6 13. Ng5 Qe7 14. Qh5 h6 15. Nh3 d4 16.
Nd1 Qc5 17. f4 Nf6 18. Qf3 Nd5 19. Ndf2 Bd7 20. Ne4 {Lutz,C-Campora,D/Biel
Credis 1996/CBM 55/1/2-1/2 (52)}) 11. Bd3 h6 12. Re1 Nc6 13. Qd2 g5 14. h3 Rg8
15. a3 {Kindermann,S-Kortschnoj,V/Ptuj zt 1995/CBM 47/1/2-1/2 (26)}) 6. Nf3 Nc6
7. c3 Nf5 8. Bf4 Bxc5 9. Bd3 Nh4 10. Nbd2 $4 {Ein schwer verständlicher Fehler.
Weiß hat seinen eigenen Läufer auf f4 nicht "gesehen".} (10. Nxh4 Qxh4 11. Bg3
Qg5 $11) (10. O-O Nxf3+ 11. Qxf3 g5 $5 (11... O-O {/\ f7-f6}) 12. Bg3 h5 13. h3
g4 14. hxg4 Qg5 $36 {Dautov}) (10. Bg3 Nxf3+ 11. Qxf3 O-O 12. Nd2 f6 $36) 10...
Nxg2+ (10... Nxg2+ 11. Kf1 Nxf4) 0-1

[Event "Corus"]
[Site "Wijk aan Zee"]
[Date "2001.01.27"]
[Round "12"]
[White "Shirov, Alexei"]
[Black "Kramnik, Vladimir"]
[Result "0-1"]
[WhiteElo "2718"]
[BlackElo "2772"]
[Annotator "Lukacs,P"]
[PlyCount "106"]
[EventDate "2001.01.13"]
[EventType "tourn"]
[EventRounds "13"]
[EventCountry "NED"]
[EventCategory "19"]
[SourceTitle "CBM 081"]
[Source "ChessBase"]
[SourceDate "2001.03.20"]
[SourceVersion "1"]
[SourceVersionDate "2001.03.20"]
[SourceQuality "1"]

1. e4 {[%mdl 4]} c6 2. d4 d5 3. e5 c5 4. dxc5 e6 5. Bf4 (5. Be3 {
Sutovsky-Dautov, Julian Borowski Essen 2000 CBM 77}) (5. Nf3 {- Prasad-Prakash,
Chalapathi 2000 CBM 77}) 5... Bxc5 6. Bd3 (6. Qg4 $143 Ne7 7. Nd2 Ng6 8. Nb3
Qb6 9. Nh3 Nc6 10. Bd3 $2 (10. c3) 10... Qb4+ $1 {Now White's popsition
collapses.} 11. c3 Ncxe5 $1 {This is the winning move.} 12. Qg3 Nxd3+ 13. Qxd3
Nxf4 14. Nxf4 Bxf2+ 15. Kxf2 Qxf4+ 16. Ke2 {0:1 Hamdouchi-Khenkin, Anderlecht
rapid 1998}) 6... Nc6 7. Nf3 {We have reached a French type of position.} f6 $1
{Black wants to attack the [+] without hesitation.} (7... Nge7 8. O-O (8. c3
Ng6 9. Bg3 f6 {Soon or later Black has to eliminate White's stronghold on e5.}
10. Nbd2 O-O 11. Nb3 Bb6 12. exf6 {White couldn't hold >< e5 any longer.} gxf6
{The black [+] has a bright future.} 13. Nh4 f5 14. Qh5 Qf6 15. f4 e5 16. Nxg6
{1/2:1/2 Ibragimov-Urban, Groningen op 1997}) 8... Qc7 9. Bg3 Nb4 10. Nc3 a6
11. Re1 Bd7 12. Bf1 b5 13. a3 (13. a4 Rb8 14. axb5 axb5 15. h3 O-O 16. Qd2 Rfc8
$15 {Kavalek-Augustin, CSR-ch Jablonec 1962}) 13... Nbc6 14. Bd3) (7... Qb6 {
wins the P b2 P, but it is connected with the well-known risk.} 8. O-O Qxb2 9.
Nbd2 Qb6 10. Ng5 {is the other way of aggression.} (10. c4 {wants to open up
the position in order to make profit from the lead of development.} Nge7 11.
Rb1 Qc7 12. Bg3 Bd7 13. cxd5 Nxd5 14. Ne4 {>< d6} Be7 15. Nd6+ Bxd6 16. exd6
Qc8 17. Ne5 O-O (17... Nc3 $2 {is hunting for material instead of solving the
problem of his K.} 18. Qg4 $1 Nxe5 (18... Nxb1 19. Qxg7 Rf8 20. Bf4 $1 $18 {
/\ Bh6}) 19. Qxg7 Rf8 (19... Ng6 20. Rbc1 $18) 20. Rb3 Nxd3 21. Rxc3 $16) 18.
Qh5 $44 {and White has an -> for the P, Bliumberg-Poplavsky, Odessa-ch 2000.})
10... g6 11. c4 Nge7 12. Rb1 Qd8 13. Qf3 Nd4 14. Qh3 h5 15. Nb3 Nxb3 16. axb3
Nf5 17. Bxf5 exf5 {(De Vreugt-Oosterom, NED-chT 2000)} 18. cxd5 $1 Be7 (18...
Qxd5 19. Rbd1 Qc6 20. Rd8+ $1 $16) 19. Qe3 (19. Nxf7 $5 Kxf7 20. Rbd1 $44 {
and the phalanx of the central pawns is dangerous for Black.}) 19... Qxd5 20.
Rfd1 Qc6 (20... Qb5 21. e6 $1 $40) 21. Rd6 Qc7 (21... Qb5 22. e6 $1 f6 23. Nf7
$44) 22. Rc1 (22. e6 $5 Bxg5 (22... Bxd6 $2 23. exf7+ $18) 23. exf7+ Kxf7 24.
Qe5 Re8 25. Rf6+ Bxf6 26. Qxc7+ Re7 $11) 22... Qa5 23. e6 f6 24. Nf7 $44 {
with a wonderful compensation for the sacrificed material.}) 8. Nbd2 (8. O-O g5
$5 {is a brave, but risky decision.} 9. Bg3 (9. b4 gxf4 10. bxc5 fxe5 {with a
mighty P chain for Black.} 11. Bb5 Qf6 12. c4 e4 13. cxd5 exd5 14. Qxd5 exf3
15. Re1+ Nge7 16. Bxc6+ bxc6 17. Qh5+ Kf8 18. Nd2 Rg8 19. Qxf3 Bg4 20. Qb3 Rg7
$19 {Henris-Khenkin, CERA Bank op 1998}) (9. Nxg5 $143 {doesn't seem to be
correct:} fxg5 10. Qh5+ Kf8 11. Bxg5 Qc7) 9... g4 10. Nfd2 fxe5 11. Qxg4 Nf6
$13) 8... fxe5 (8... g5 $5) 9. Bxe5 (9. Nxe5 $2 Qf6 $17) 9... Nf6 10. Qe2 {
Black has to keep >< e5 at any rate.} (10. Bg3 Bd6 11. O-O O-O 12. Bxd6 Qxd6
13. Re1 Qf4 (13... e5 $2 {is punished by} 14. Nc4 $1) 14. c3 e5 $11 {and Black
was successful.}) 10... O-O 11. O-O-O $2 {Now the white K will be exposed to
many threats.} ({In a positional position, like that, where the main question
is the blockade of >< more natural is} 11. O-O Bd6 (11... Nxe5 12. Nxe5 Bd6 13.
c3 {- 11...Bd6 12.c3}) (11... Ng4 $5 12. Bg3 e5 13. h3 $1 {Now Black is losing
material.} Nh6 (13... e4 14. Nxe4 dxe4 15. Bxe4 $16) 14. Nxe5 $1 (14. Bxe5 Re8
15. Bb5 Nf7) 14... Qg5 15. Nxc6 Qxg3 16. Ne7+ Kh8 17. Nxc8 Raxc8 18. Nb3 Bb6
19. c3 $16 {and Black's -> is beaten back.}) 12. c3 $1 (12. Bxd6 Qxd6 13. Rfe1
{allows the freeing move} e5 $1 14. Nxe5 Re8 {The pin on the e <-> solves
Black's problem.} 15. f4 Ng4) 12... Nxe5 (12... Ng4 $2 13. Bxd6 Qxd6 14. Bxh7+
$16) (12... Nh5 $6 13. Ng5 $1 {Suddenly White changes the course, and exploits
the weaknesses of the >>.} (13. Bxd6 Qxd6 14. Ng5 g6 15. g3 {is again met by}
e5) (13. g3 $5 Nxe5 14. Nxe5 Nf6 15. Nb3 $14 {however keeps control over the
vital ><e5 and d4.}) 13... Qxg5 14. Bxd6 Nf4 15. Bxf4 Qxf4 (15... Rxf4 16. Nf3)
16. Bc2 $1 {defending against e5 by attacking d5.} (16. Rae1 e5) 16... Ne5 (
16... e5 $2 17. Qd3 $1 $18 {with double ->.}) 17. Rad1 Ng4 18. Nf3 $16 {
and White will take control over >< e5 again.}) 13. Nxe5 Qc7 (13... Nd7 14.
Ndf3 Nxe5 15. Nxe5 Qh4 (15... Qg5 16. Rfe1 $14) 16. g3 $14) 14. Ndf3 (14. Rae1
Bxe5 15. Qxe5 Qxe5 16. Rxe5 $14) 14... Nh5 {/\ Nf4} 15. g3 $14 {and the
"French" B remains passive.}) 11... a5 $1 {Black immediately begins an -> on
the <<.} 12. Nb3 Bd6 13. Kb1 (13. Bxd6 Qxd6 14. Rhe1 e5 $1 {The same motif of
the pin on the e <-> again.} (14... a4 15. Nbd4 a3 16. b3 Nxd4 17. Nxd4 Qxh2
18. g3 Qh5) 15. Nxe5 Re8 16. Nc4 (16. f4 Bg4) 16... Qb8 $1 17. Ne3 a4 $17 {
/\ a3}) 13... Bxe5 14. Nxe5 a4 15. Nc1 (15. Nxc6 bxc6 16. Nd4 Qb6 $17) 15... a3
16. b3 {Now Black has always serious mating threats on b2.} Qa5 $1 17. c4 $6 {
opening up the << helps only for Black.} (17. Qe3 Nxe5 18. Qxe5 Ng4 $1 19. Qh5
h6 $1 $17 (19... Nf6 20. Qe5)) (17. Nxc6 bxc6 18. Qe1 Qc7 $17 {and Black's
central pawns will move ahead.}) 17... dxc4 18. Nxc4 Qc7 $17 19. Rhe1 (19. Rd2
Nd5) 19... Nd5 20. Qd2 Ncb4 {The dark squares on the << are terribly weakened.}
21. Ne2 (21. f4 b5 $19) 21... Rxf2 (21... b5 {was also tempting.} 22. Ne3 Rxf2
23. Nxd5 Nxd5 $17) 22. Be4 b5 23. Qd4 (23. Ne3 Bb7 24. Nxd5 Nxd5 25. Bf3 (25.
Bxd5 Bxd5) 25... Rxe2 $1 26. Bxe2 Nc3+ 27. Ka1 Nxd1 $19) 23... Rxe2 $1 {
liquidating for a very good _|_.} 24. Rxe2 bxc4 25. Bxd5 (25. bxc4 Rb8 $19)
25... Nxd5 26. bxc4 Ba6 27. Rc1 Nf4 28. Rd2 e5 29. Qe3 Bxc4 30. Ka1 Qf7 $19 31.
g3 Nd3 $5 {Perhaps this was not so necessary.} (31... Ng6 $19) 32. Rxd3 (32.
Qe4 Re8 33. Qxc4 Nxc1 34. Qxc1 e4 $19) 32... Bxd3 33. Qxd3 h6 34. Qb3 Qxb3 35.
axb3 {The R _|_ is lost because of the bad K.} Kf7 36. Rc6 a2 37. h4 Ra3 38. b4
e4 39. Rc4 e3 40. Re4 Kf6 41. g4 h5 $1 {clearing the way for the K.} 42. gxh5
Kf5 43. Re7 Kf4 44. b5 Rb3 45. Rf7+ Ke4 46. Re7+ Kd3 47. Rd7+ Kc2 48. Rc7+ Kd2
({or} 48... Rc3 49. Rxg7 Kb3 $19) 49. Kxa2 Rxb5 50. Rxg7 e2 51. Rd7+ Kc2 52.
Rc7+ Kd3 53. Re7 Rxh5 0-1

[Event "North Sea Cup 16th"]
[Site "Esbjerg"]
[Date "2001.07.11"]
[Round "6"]
[White "Sutovsky, Emil"]
[Black "Speelman, Jonathan S"]
[Result "1-0"]
[WhiteElo "2651"]
[BlackElo "2603"]
[Annotator "Lukacs,P"]
[PlyCount "59"]
[EventDate "2001.07.06"]
[EventType "tourn"]
[EventRounds "9"]
[EventCountry "DEN"]
[EventCategory "14"]
[SourceTitle "CBM 085"]
[Source "ChessBase"]
[SourceDate "2001.11.13"]
[SourceVersion "1"]
[SourceVersionDate "2001.11.13"]
[SourceQuality "1"]

1. e4 c6 2. d4 d5 3. e5 c5 4. Nf3 (4. dxc5 $142 {is supposted to be the main
line these days.} e6 {Now White has plenty of choices, see previous CBM
editions:} 5. Nf3 (5. Qg4 $5 {- Nunn-Breder, Germany BL 2001 CBM 82}) (5. Bf4
Bxc5 6. Bd3 Nc6 7. Nf3 f6 $1 {- Shirov-Kramnik, Wijk aan Zee 2001 CBM81}) (5.
Be3 Nh6 (5... Nd7 {- Acs-Zjaginsev, EU-ch 2nd Ohrid 2001 CBM 84}) 6. Nf3 Nd7 7.
Bxh6 $1 {- Sutovsky-Dautov,Julian Borowski Essen 2000 CBM 77}) 5... Bxc5 6. Bd3
Nc6 (6... Ne7 7. O-O (7. Bf4 $6 Qb6 $1 {- Prasad-Prakash, Chalapathi GM 2000
CBM 77}) 7... Ng6 {- Mitkov-Zjaginsev, Polkovsky Karpov RUS 2001 CBM 84}) 7.
O-O (7. Qe2 $5 Nge7 {- Smirnov-Zvjaginsev, EU-ch 2nd Ohrid 2001}) 7... f6 $1 8.
Qe2 fxe5 9. Nxe5 Nxe5 10. Qxe5 Nf6 11. Nd2 {- Grischuk-C.Bauer, Cannes FRA
rapid 2001 CBM 82} (11. c4 {- Shirov-Agdestein, Bergen Radisson SAS m rapid
2001 CBM 82})) 4... Nc6 (4... Bg4 $143 5. Bb5+ Nc6 {- 4..Nc6}) 5. Bb5 cxd4 (
5... Bg4 $6 {This leaves the serious pin unattended.} 6. dxc5 (6. c3 Bxf3 7.
Qxf3 e6 8. dxc5 Bxc5 9. b4 Bb6 10. Qg3 Nge7 11. Bg5 a6 12. Bxc6+ bxc6 13. O-O
$14 {Orlov-Polushkina, Porto San Giogio op 2000}) 6... e6 7. b4 {White is now
fighting for the c5 P.} a5 8. c3 Nge7 9. Nbd2 axb4 10. cxb4 Ng6 11. h3 Bxf3 12.
Nxf3 Qc7 13. O-O {^^} Ngxe5 14. Bb2 $16 {Klovans-Peelen, Gelsenkirchen op 2000}
) 6. Nxd4 Bd7 7. Nxc6 Bxc6 8. Bxc6+ bxc6 9. O-O e6 10. c4 $11 {The exchange of
the light-squared B was a relief for Black. His c P can be a target, but his
strong defended d5 P holds the position.} Ne7 11. Qa4 (11. Qe2 Ng6 $11) 11...
Qd7 12. Nd2 Rb8 13. b3 Nc8 $5 (13... Nf5 14. Rd1 Be7 15. Nf3 $14 (15. Ne4)) 14.
Rd1 (14. Ba3 {is a logical exchange from strategical point of view, but
simplifications help also for Black.} Nb6 15. Qa6 Bxa3 16. Qxa3 Qe7 $11) 14...
Nb6 15. Qa5 dxc4 16. Bb2 $1 {White sacrifices the P for positional gains. He
opens up the a <->, after which >< a7 becomes a target.} cxb3 17. axb3 Nd5 {
The N is excellent here in the [+].} (17... Rb7 18. Ne4 Nd5 19. Ba3 $14 {
weakening >< c5 and d6.}) 18. Ne4 {White wants to keep the tension.} (18. Qxa7
Qxa7 19. Rxa7 Bc5 20. Ra4 {with only a minimal advantage for White.}) 18... Be7
(18... Rxb3 19. Ba3 Bxa3 20. Rxa3 Rxa3 21. Qxa3 $44) 19. Rd3 Rb4 $2 {[%mdl
8192] [#] Provoking White to open up the long /^ ?!} (19... O-O $1 {was the
safe and logical continuation.} 20. Qxa7 Qxa7 21. Rxa7 Ra8 $11 {and Black can
equalize in the _|_.}) 20. Nd6+ $1 Bxd6 21. exd6 {>< g7, a7 and the o^ on d6
is taboo.} Re4 (21... Qxd6 $2 {loses to} 22. Ba3 $18) 22. Rg3 (22. Rdd1 $16)
22... e5 (22... f6 23. Kf1 $1 $16 {/\ Qa7 defending the back rank.}) 23. Rxg7
Kf8 (23... Re2 24. Ba3 Kf8 25. Rg3 $18) 24. Rg3 Re2 (24... Rg8 25. Ba3 $16 {
and the o^ on d6 paralyzes Black.}) 25. h3 Rg8 (25... Rxb2 26. Qxa7 $1 Qxa7 (
26... Rb1+ 27. Kh2 $18) 27. Rxa7 $18) 26. Qxa7 $18 Qxa7 27. Rxa7 Rxg3 28. Ra8+
Kg7 29. d7 Nf4 30. Rg8+ 1-0